[Event "Karaganda Anniv 75th"]
[Site "Karaganda"]
[Date "2009.03.07"]
[Round "9"]
[White "Khusnutdinov, Rustam"]
[Black "Novoshitskiy, Yevgeniy"]
[Result "1-0"]
[WhiteElo "2483"]
[BlackElo "2350"]
[PlyCount "163"]
[EventDate "2009.02.27"]
[EventType "tourn"]
[EventRounds "10"]
[EventCountry "KAZ"]
[EventCategory "9"]
[SourceTitle "CBM 129 Extra"]
[Source "ChessBase"]
[SourceDate "2009.05.05"]
[SourceVersion "2"]
[SourceVersionDate "2009.05.20"]
[SourceQuality "1"]

1. e4 c5 2. Nf3 Nc6 3. d4 cxd4 4. Nxd4 g6 5. Nc3 Bg7 6. Nb3 Nf6 7. Be2 0-0 8. 0-0 d6 9. Re1 Be6 10. Bf1 Rc8 11. Nd5 Bxd5 12. exd5 Nb4 13. c4 b5 14. a3 bxc4 15. axb4 cxb3 16. Qxb3 Rc7 17. h3 Qb8 18. Be3 Rfc8 19. Ba6 Rd8 20. Rec1 Nd7 21. Rxc7 Qxc7 22. Bb5 Nb6 23. Rc1 Qb8 24. Bc6 Rc8 25. b5 Bf6 26. Qa2 Rc7 27. Ra1 Qc8 28. Rd1 h5 29. b3 Qb8 30. Qb1 Kg7 31. Rd2 Qd8 32. Ra2 e5 33. dxe6 fxe6 34. Qe4 Qe7 35. Ra6 d5 36. Qf4 Kg8 37. Bxb6 axb6 38. Rxb6 Kg7 39. Rb8 d4 40. Re8 Qf7 41. Qe4 d3 42. Qxd3 Rxc6 43. bxc6 Qxe8 44. c7 Qc8 45. Qd6 Kf7 46. b4 Be7 47. Qb6 Bf6 48. Qb8 Qa6 49. c8Q Qa1+ 50. Kh2 Be5+ 51. g3 Bxb8 52. Qxb8 g5 53. Qd6 Qa7 54. Kg2 Qb7+ 55. Kh2 Qa7 56. Qd2 Kf6 57. Qc3+ Kg6 58. Qc5 Qf7 59. b5 h4 60. b6 hxg3+ 61. fxg3 Qf3 62. Qc2+ Kg7 63. Qb2+ Kg6 64. Qc2+ Kh6 65. Qb2 Qb7 66. Qf6+ Kh7 67. Qb2 Kh6 68. Qb3 Qe4 69. Qa2 Qc6 70. Qf2 Qb7 71. Qe3 Qd5 72. h4 Kh7 73. Qxg5 Qc6 74. Qe3 Qb7 75. Qc5 Qe4 76. Qc7+ Kg6 77. Qf4 Qe2+ 78. Kh3 Qb5 79. Qe4+ Kf6 80. b7 Ke7 81. Qh7+ Kd6 82. Qf7 1-0

[Event "Karaganda Anniv 75th"]
[Site "Karaganda"]
[Date "2009.03.06"]
[Round "8"]
[White "Novoshitskiy, Yevgeniy"]
[Black "Kokarev, Dmitry"]
[Result "0-1"]
[WhiteElo "2350"]
[BlackElo "2597"]
[PlyCount "96"]
[EventDate "2009.02.27"]
[EventType "tourn"]
[EventRounds "10"]
[EventCountry "KAZ"]
[EventCategory "9"]
[SourceTitle "CBM 129 Extra"]
[Source "ChessBase"]
[SourceDate "2009.05.05"]
[SourceVersion "2"]
[SourceVersionDate "2009.05.20"]
[SourceQuality "1"]

1. e4 c5 2. Nf3 d6 3. d4 cxd4 4. Nxd4 Nf6 5. Nc3 a6 6. Be3 e5 7. Nb3 Be6 8. f3 Nbd7 9. Qd2 Be7 10. 0-0-0 b5 11. g4 h6 12. Nd5 Bxd5 13. exd5 Nb6 14. Bxb6 Qxb6 15. h4 b4 16. Be2 a5 17. Qd3 0-0 18. Nd2 a4 19. Kb1 Rfc8 20. f4 e4 21. Nxe4 b3 22. Nc3 bxc2+ 23. Qxc2 Rab8 24. Qd2 Rxc3 25. Qxc3 Ne4 26. Qd4 Bf6 27. Qxb6 Rxb6 28. Bc4 Rxb2+ 29. Kc1 Rg2 30. Rh3 Rxg4 31. Re1 Nc5 32. h5 Rxf4 33. Re8+ Kh7 34. Be2 Be5 35. Rf3 Rxf3 36. Bxf3 g5 37. Ra8 f5 38. Ra7+ Kg8 39. Bd1 g4 40. Kd2 Bd4 41. Rc7 a3 42. Ke1 Nd3+ 43. Kf1 Ne5 44. Bc2 f4 45. Bh7+ Kf8 46. Be4 f3 47. Rh7 Nf7 48. Bg6 Ng5 0-1

[Event "Karaganda Anniv 75th"]
[Site "Karaganda"]
[Date "2009.03.05"]
[Round "7"]
[White "Filippov, Anton"]
[Black "Novoshitskiy, Yevgeniy"]
[Result "1-0"]
[WhiteElo "2558"]
[BlackElo "2350"]
[PlyCount "103"]
[EventDate "2009.02.27"]
[EventType "tourn"]
[EventRounds "10"]
[EventCountry "KAZ"]
[EventCategory "9"]
[SourceTitle "CBM 129 Extra"]
[Source "ChessBase"]
[SourceDate "2009.05.05"]
[SourceVersion "2"]
[SourceVersionDate "2009.05.20"]
[SourceQuality "1"]

1. e4 c5 2. Nf3 d6 3. d4 cxd4 4. Nxd4 Nf6 5. Nc3 Nc6 6. Bg5 e6 7. Qd2 Be7 8. 0-0-0 0-0 9. f4 Nxd4 10. Qxd4 Qa5 11. e5 dxe5 12. Qxe5 Qxe5 13. fxe5 Nd5 14. Bxe7 Nxe7 15. Bc4 a6 16. Rhe1 b5 17. Bd3 Bb7 18. Be4 Bxe4 19. Nxe4 Rfd8 20. Rd6 Nd5 21. b3 b4 22. Kb2 Kf8 23. a3 a5 24. Rxd8+ Rxd8 25. Nd6 Rb8 26. Ra1 f6 27. Nc4 Rb5 28. axb4 axb4 29. Ra8+ Ke7 30. Ra7+ Kf8 31. Ra8+ Ke7 32. Nd6 Rc5 33. Re8+ Kd7 34. Rg8 Ne3 35. Rxg7+ Kc6 36. Nc4 Nxc4+ 37. bxc4 Rxe5 38. Rxh7 Kc5 39. h4 Re2 40. h5 Rxg2 41. h6 Rd2 42. Rc7+ Kb6 43. Rc8 Rd7 44. Rf8 f5 45. c3 Kc5 46. Rc8+ Kb6 47. cxb4 Rh7 48. c5+ Kb7 49. Rf8 Kc6 50. Rf6 f4 51. Kc3 Kd5 52. Rxf4 1-0